Detalles MARC
| 000 -LEADER |
| fixed length control field |
01726 am a2200325 a 4500 |
| 005 - FECHA ULTIMA MODIFICACION |
| control field |
20240701101028.0 |
| 008 - CAMPO DE CONTROL (LIBRO) |
| fixed length control field |
100903s1995||||ag o f |||| 001 0 spa d |
| 020 ## - INTERNATIONAL STANDARD BOOK NUMBER |
| ISBN |
987995453X |
| 041 ## - CODIGO DE IDIOMA |
| Código de idioma del texto/pista de sonido o título separado |
spa |
| 092 ## - SIGNATURA TOPOGRAFICA DEWEY LOCAL |
| número de clasificación |
616.84 |
| libristica |
28 |
| sección |
GAT |
| 100 1# - ENTRADA PRINCIPAL--NOMBRE PERSONAL |
| Nombre personal |
Gatian de Clérambault, Gaëtan. |
| 9 (RLIN) |
1410 |
| 245 ## - TITULO PROPIAMENTE DICHO |
| Título |
Automatismo mental. |
| Subtítulo y Título paralelo |
Paranoia / |
| Mención de responsabilidad y remanente de la transcripción de la portada |
Gaë̈tan Gatian de Clérambault. |
| 250 ## - MENCION DE EDICION |
| Mención de edición |
1a ed. en español |
| Mención de responsabilidad relacionada con la ed. |
Traducción Delia Esquibel ; Clara Maranzano. Selección de textos y presentación de Paul Bercherie. Edición, revisión técnica y anexos: Juan Carlos Stagnaro |
| 260 ## - PIE DE IMPRENTA |
| Lugar de publicación, distribución, etc |
Buenos Aires: |
| Nombre de la editorial, distribuidor, etc |
Polemos; |
| Fecha de publicación |
1995. |
| 300 ## - DESCRIPCION FISICA |
| Extension |
192 p. |
| Otros detalles físicos |
Incluye fotografías |
| 500 ## - NOTA GENERAL |
| Nota general |
Gatian de Clérambault, G. (1995). Automatismo mental. Paranoia. (1a ed.). Buenos Aires : Polemos. |
| 590 ## - NOTAS LOCALES (RLIN) |
| Nota local |
Colección Clásicos de la Psiquiatría, bajo la dirección de Juan Carlos Stagnaro. |
| 653 ## - TÉRMINO INDIZADO - PALABRAS CLAVES |
| Palabra clave |
Coexistencia de dos delirios: persecusión y erotomanía (1920) |
| 653 ## - TÉRMINO INDIZADO - PALABRAS CLAVES |
| Palabra clave |
Delirios pasionales: erotomanía, reivindicación, celos (1921) |
| 653 ## - TÉRMINO INDIZADO - PALABRAS CLAVES |
| Palabra clave |
Erotomanía pura. Erotomanía asociada (1921) |
| 653 ## - TÉRMINO INDIZADO - PALABRAS CLAVES |
| Palabra clave |
Condiciones de aparición, desarrollo y duración de los estados pasionales (1923) |
| 653 ## - TÉRMINO INDIZADO - PALABRAS CLAVES |
| Palabra clave |
Automatismo mental y escisión del yo (1920) |
| 653 ## - TÉRMINO INDIZADO - PALABRAS CLAVES |
| Palabra clave |
Psicosis alucinatorias crónicas (1923) |
| 653 ## - TÉRMINO INDIZADO - PALABRAS CLAVES |
| Palabra clave |
Psicosis alucinatorias crónicas. Análisis. Patogenia (1924) |
| 653 ## - TÉRMINO INDIZADO - PALABRAS CLAVES |
| Palabra clave |
Folie à deux (1924) |
| 653 ## - TÉRMINO INDIZADO - PALABRAS CLAVES |
| Palabra clave |
Cuestión de los delirios colectivos estrechamente ligado a la de los mecanismos generadores de la psicosis (1924) |
| 653 ## - TÉRMINO INDIZADO - PALABRAS CLAVES |
| Palabra clave |
Mecanismo automático radical de ciertos delirios interpretativos: la pseudo constatación espontánea incoercible (1933) |
| 930 ## - NUMERO DE INVENTARIO |
| Número de inventario |
770 |
| 942 ## - ADDED ENTRY ELEMENTS (KOHA) |
| Source of classification or shelving scheme |
Dewey Decimal Classification |
| Item type |
Libros |